Pla de pensions : especificacions especificacions
Publicado:
Barcelona :
Diputació de Barcelona. Àrea d'Hisenda i Recursos Interns. Direcció de Serveis de Recursos Humans ,
2008
Descripción Física:
29 p. ; 21 cm
Materias:
Plans de pensions
MARC
| LEADER | 00000nam a2200000Ia 4500 | ||
|---|---|---|---|
| 001 | 21835 | ||
| 008 | 160829s2008 xx 000 0 cat d | ||
| 080 | |a FU-45-11 | ||
| 245 | |a Pla de pensions : |b especificacions | ||
| 260 | |a Barcelona : |b Diputació de Barcelona. Àrea d'Hisenda i Recursos Interns. Direcció de Serveis de Recursos Humans, |c 2008 | ||
| 300 | |a 29 p. ; |c 21 cm | ||
| 590 | |a Conté tot l'articulat pel qual es regeix el Pla de pensions adoptat per la Diputació de Barcelona | ||
| 650 | |a Plans de pensions |9 39042 | ||
| 710 | 1 | |a Barcelona (Catalunya : Província). |b Direcció dels Serveis de Recursos Humans |9 52859 | |
| 901 | |a Arxiu | ||
| 942 | |n 1 | ||
| 952 | |0 0 |1 0 |4 0 |6 FU4511 |7 1 |9 53158 |a Arxiu |b Arxiu |d 2016-12-01 |l 0 |o FU-45-11 |p 21835 |r 2016-12-01 00:00:00 |w 2016-12-01 |y ARXIU | ||
| 999 | |c 57007 |d 57007 | ||